| 000 | 00494nam a2200193Ia 4500 | ||
|---|---|---|---|
| 008 | 131103s9999 xx 000 0 und d | ||
| 040 | _aLoreto College | ||
| 041 | _aEnglish | ||
| 082 |
_aMIS/PAR _bLCBED/10671 |
||
| 100 | _aDerek | ||
| 245 |
_aHow do you know who you are? _cDerek & Julia Parker |
||
| 260 |
_aU.S.A. _bThames _c1980 |
||
| 300 |
_a192p. _b ill. _c 23cm. |
||
| 504 | _aIncludes index | ||
| 650 | _aMis | ||
| 700 | _aParker, Julia | ||
| 850 | _aLCBED/MIS/PAR | ||
| 942 | _cBK | ||
| 999 |
_c34532 _d85011 |
||